000 00293nam a22001337a 4500
008 170601b xxu||||| |||| 00| 0 eng d
020 _a0030449960
041 _aeng
080 _22ND
_a94
100 _a17
101 _aSHH
245 _aPUBLIC POLICY MAKING
_cANDERSON,J,E
942 _2udc
_cBK
999 _c15474
_d15474